[Event "Aberto Brasil - II Niterói Chess Open "]
[Site "Salão de Convenções do Hot"]
[Date "2022.09.04"]
[Round "6.92"]
[White "De Almeida, Roberto A. Ferreira"]
[Black "Orofino, Gabriel"]
[Result "1-0"]
[WhiteElo "1776"]
[BlackElo "1800"]
[PlyCount "109"]
[EventDate "2022.09.01"]
[EventRounds "9"]
[EventCountry "BRA"]

1. e4 c5 2. Nf3 g6 3. Bc4 Bg7 4. c3 d6 5. O-O Nc6 6. Qb3 e6 7. d4 Qb6 8. Qxb6
axb6 9. Be3 Nf6 10. Nbd2 O-O 11. h3 Bd7 12. a3 Nxe4 13. Nxe4 d5 14. Bxd5 exd5
15. Nd6 Na5 16. dxc5 Nb3 17. Rad1 bxc5 18. Nxb7 c4 19. Nc5 Nxc5 20. Bxc5 Rfb8
21. Rxd5 Be6 22. Rd2 Bh6 23. Re2 Bf5 24. Rfe1 Bd3 25. Re5 Bg7 26. R5e3 Bh6 27.
Re5 Bg7 28. Re7 Bf8 29. Rc7 Rxb2 30. Bb4 Bxb4 31. cxb4 Rxa3 32. Re8+ Kg7 33.
Ne5 Ra1+ 34. Kh2 Rxf2 35. Nxc4 Bf1 36. Ne3 Bxg2 37. Kg3 Raa2 38. Nxg2 Rxg2+ 39.
Kh4 Rgf2 40. Re4 Rf5 41. Kg3 Ra3+ 42. Kg2 Rd5 43. Rc2 Rdd3 44. h4 Rg3+ 45. Kf2
Raf3+ 46. Ke2 Rf5 47. Kd2 Rd5+ 48. Kc1 Rd7 49. Kb2 Rdd3 50. Rec4 Rb3+ 51. Kc1
Ra3 52. b5 Rab3 53. Kd2 Rg2+ 54. Kc1 Rxc2+ 55. Kxc2 {Ilegivel} 1-0

[Event "Aberto Brasil - II Niterói Chess Open "]
[Site "Salão de Convenções do Hot"]
[Date "2022.09.04"]
[Round "6.93"]
[White "Gomes, Genildo De Souza"]
[Black "Manoel, Gustavo Da Silva Me"]
[Result "0-1"]
[WhiteElo "1686"]
[BlackElo "1798"]
[PlyCount "138"]
[EventDate "2022.09.01"]
[EventRounds "9"]
[EventCountry "BRA"]

1. d4 Nf6 2. Nd2 d5 3. e3 g6 4. Bd3 Bg7 5. Ne2 O-O 6. O-O Nc6 7. c3 e5 8. dxe5
Nxe5 9. Bc2 Re8 10. h3 b6 11. Nd4 c5 12. N4f3 Qc7 13. Nxe5 Qxe5 14. Nf3 Qh5 15.
Nh2 Qe5 16. Nf3 Qc7 17. Nd2 Bb7 18. Re1 Rad8 19. Ba4 Re7 20. Qc2 Qe5 21. Nf3
Qh5 22. Qe2 Ne4 23. Nd2 Qxe2 24. Rxe2 Ba6 25. Re1 Nd6 26. Nf3 Nc4 27. Bc2 d4
28. exd4 Rxe1+ 29. Nxe1 cxd4 30. cxd4 Bxd4 31. Rb1 Ne5 32. Bg5 Rc8 33. Be3 Bxe3
34. fxe3 Nc4 35. Bd3 b5 36. Nc2 Ne5 37. Nb4 Nxd3 38. Nxa6 Rc2 39. Rd1 Nxb2 40.
Rd7 Nc4 41. Rxa7 Rxa2 42. Ra8+ Kg7 43. Nc7 Rxa8 44. Nxa8 b4 45. Nc7 Nxe3 46.
Nb5 Nc2 47. Kf2 Kf6 48. Ke2 Ke5 49. Kd3 Ne1+ 50. Kc4 Nxg2 51. Kxb4 f5 52. Kc3
Kf4 53. Nd4 Kg3 54. Ne6 f4 55. Kd2 f3 56. Ng5 f2 57. Ke2 Nf4+ 58. Kf1 Nxh3 59.
Nxh7 g5 60. Nf6 Kf3 61. Nh7 g4 62. Ng5+ Kg3 63. Ne4+ Kh2 64. Nd2 g3 65. Nf3+
Kh1 66. Nh4 Nf4 67. Nf3 Ng2 68. Nd2 Ne3+ 69. Ke2 f1=Q+ 0-1

[Event "Aberto Brasil - II Niterói Chess Open "]
[Site "Salão de Convenções do Hot"]
[Date "2022.09.04"]
[Round "6.94"]
[White "Vargas, Victor Da Silva"]
[Black "Do Amaral Vailant, Helena Kether"]
[Result "1/2-1/2"]
[WhiteElo "1776"]
[BlackElo "1513"]
[PlyCount "90"]
[EventDate "2022.09.01"]
[EventRounds "9"]
[EventCountry "BRA"]

1. c4 f5 2. g3 Nf6 3. Bg2 g6 4. Nc3 Bg7 5. Nf3 d6 6. O-O O-O 7. d3 e5 8. b4 Qe8
9. Rb1 h6 10. Bb2 g5 11. Nd2 Nc6 12. b5 Nd4 13. Nd5 Ne6 14. Nxf6+ Bxf6 15. Qc2
Kg7 16. e3 Qh5 17. Nb3 f4 18. Qd1 Qg6 19. d4 g4 20. exf4 exf4 21. d5 Ng5 22.
Bxf6+ Rxf6 23. Re1 fxg3 24. hxg3 Nf3+ 25. Bxf3 gxf3 26. Re7+ Rf7 27. Qd4+ Qf6
28. Rbe1 Qxd4 29. Nxd4 Bg4 30. R1e4 h5 31. Ne6+ Kf6 32. Rxf7+ Kxf7 33. Nxc7 Rc8
34. Ne6 Bxe6 35. dxe6+ Ke7 36. Kf1 Rc5 37. Ke1 a6 38. a4 axb5 39. axb5 Re5 40.
Rxe5 dxe5 41. Kd2 Kxe6 42. Ke3 Kd6 43. Kxf3 Kc5 44. Ke4 Kxc4 45. Kxe5 Kxb5 {
(...) illegible} 1/2-1/2

[Event "Aberto Brasil - II Niterói Chess Open "]
[Site "Salão de Convenções do Hot"]
[Date "2022.09.04"]
[Round "6.96"]
[White "Pavao, Alice Lara Biasi"]
[Black "De Abreu, Luiza Reis Rodrigue"]
[Result "1-0"]
[WhiteElo "1366"]
[BlackElo "1742"]
[PlyCount "73"]
[EventDate "2022.09.01"]
[EventRounds "9"]
[EventCountry "BRA"]

1. c4 e5 2. g3 Nf6 3. Bg2 Bc5 4. Nc3 O-O 5. e3 c6 6. Nge2 a6 7. O-O d5 8. cxd5
cxd5 9. d4 exd4 10. Nxd4 Nc6 11. Nb3 Ba7 12. Nxd5 Nxd5 13. Qxd5 Qxd5 14. Bxd5
Bh3 15. Bg2 Bxg2 16. Kxg2 Rad8 17. Bd2 Nb4 18. Bxb4 Rfe8 19. Rfd1 Rc8 20. Rac1
Ra8 21. Rc7 Bb8 22. Rxb7 Be5 23. Rdd7 Bxb2 24. Rxf7 h6 25. Rfc7 Kh7 26. Bc3
Bxc3 27. Rxc3 Re6 28. Rcc7 Rg8 29. Nd4 Re5 30. Ra7 a5 31. Ra6 h5 32. h4 Ree8
33. Rxa5 Ra8 34. Raa7 Kg6 35. Rxg7+ Rxg7 36. Rxa8 Kf6 37. a4 1-0